000 01098nam a2200241Ia 4500
003 Ost
005 20260507075235.0
008 260507s9999||||xx |||||||||||||| ||und||
040 _cfsecg
041 _aara
082 _a330
100 _aالرفاعي، غالب عوض
_eمؤلف
245 0 _aالمحاسبة المالية 2 :
_bالاصول العلمية و العملية /
_c غالب عوض الرفاعي
260 _aعمان:
_bدار اليازوري,
_c2010
300 _a395 صفحة؛
_bإيضاحات ؛
_c24 سم
504 _aمراجع ص.389 ؛ ملاحق ص.391
520 _aالمخزون ، الرقابة الداخلية و التسوية البنكية ، المدينون و أوراق القبض ، محاسبة الاصول الثابتةو المصادر الطبيعية و الأصول غير الملموسة ، الاستثمارات المالية ، الخصوم المتداولة .
653 _aالاستثمارات المالية
653 _aالرقابة
653 _aالمالية
653 _aالمحاسبة
942 _cكتاب
999 _c43582
_d43582